| 000 | 00826cab a2200253 4500 | ||
|---|---|---|---|
| 001 | ABS53787 | ||
| 008 | 090401t1995 xxu||||| |||| 00| 0 eng d | ||
| 035 | _a(Sirsi) u6597 | ||
| 041 | _aeng | ||
| 100 | _aSmalley, P. | ||
| 245 | _aFarm business tenancies capital valuations | ||
| 260 | _c1995 | ||
| 350 | _a0 | ||
| 490 |
_aFarmland Market _v(44) Autumn 1995, 16-17(2) |
||
| 520 | _aLooks at new approaches that will have to be adopted in rental and capital valuations of agricultural property with the introduction of Farm Business Tenancies. | ||
| 650 | _aAGRICULTURAL PROPERTY | ||
| 650 | _aCAPITAL VALUATION | ||
| 650 | _aFARM BUSINESS TENANCIES | ||
| 650 | _aRENTAL VALUATION | ||
| 690 | _aLANDLORD AND TENANT-AGRICULTURAL TENANCIES | ||
| 690 | _aRATING AND VALUATION | ||
| 942 | _n0 | ||
| 948 | _c04/03/1997 | ||
| 999 |
_c3942 _d3942 |
||